Jump Rope Quiz - Statistics

General Stats
  • This quiz has been taken 7 times
  • The average score is 8 of 12
Answer Stats
Answer % Correct
And what country does Cen Xiaolin represent? China
100%
When two people turn two long ropes simultaneously, and one or more other people jump in the middle, what is this called? Double Dutch
80%
How many athletes typically compete in each team during a 30 second speed relay? Four
80%
What is another term for jump rope, commonly used in countries such as the United Kingdom and Australia? Skipping
80%
In a double under, an athlete turns the rope once but does two jumps. How many jumps do they do during one turn in a triple under? Three
80%
Jump rope is an effective form of what kind of exercise? Aerobic
60%
And what is the discipline where athletes complete a routine with tricks and gymnastics moves? Freestyle
60%
World jump rope competitions are governed by the IJRU. What does IJRU stand for? International Jump Rope Union
60%
In competitive skipping, what is the discipline where athletes jump as fast as they can using alternate steps? Speed
60%
What is the name of the technique that involves crossing the arms over the body at the same time as crossing one arm under one leg? (Hint: it's named after an animal). Toad
60%
When two people each hold the opposite ends of two standard ropes and turn them at the same time while jumping, what is this called? Wheel
40%
In 2024, Cen Xiaolin broke his own world record for the most jumps in 30 seconds. How many jumps did he do? 228
20%
No matching quizzes found
Score Distribution
Percent of People with Each Score
Percentile by Number Answered
Your Score History
You have not taken this quiz